| 000 | 01151nam a22002777a 4500 | ||
|---|---|---|---|
| 005 | 20101206113148.0 | ||
| 008 | 101206t xxu||||| |||| 00| 0 hin d | ||
| 010 | _aHIN-93316 | ||
| 020 |
_c150.00 _a9788190991124 |
||
| 035 | _aHN-65661 | ||
| 037 | _bDBAD/PUB | ||
| 040 |
_aDPL _bHN |
||
| 082 | _a827 | ||
| 100 |
_924598 _aभटनागर,सत्यनारायण |
||
| 245 |
_aडॉक्टर बीमार है ! _cसत्यनारायण भटनागर _bव्यंग्य संग्रह / |
||
| 246 |
_bby Satyanarayan Poddar _aDoctor Bimar Hai |
||
| 260 |
_aजयपुर _bमहेन्द्र बुक कंपनी _c2011 |
||
| 270 |
_bजयपुर _a155, दुसरी मंजिल, चाँदपोल बाजार |
||
| 300 |
_a88पृ. _c22सेमी (सजिल्द) |
||
| 650 |
_91169 _aव्यंग्य |
||
| 650 | _929580 | ||
| 700 | _924599 | ||
| 700 | _924924 | ||
| 942 |
_2ddc _cHN _mभटना _h827 |
||
| 999 |
_c54054 _d54054 |
||